[Event "CZE-Cup11 fin corr"]
[Site "Czechia"]
[Date "2004.06.09"]
[Round "6"]
[White "Doubek, Svatopluk"]
[Black "Canibal, Jaromir"]
[Result "1/2-1/2"]
[WhiteElo "2270"]
[BlackElo "2230"]
[PlyCount "34"]
[EventDate "2004.??.??"]
[EventType "tourn (corr)"]
[EventRounds "15"]
[EventCountry "CZE"]
[SourceTitle "Corr 2006"]
[Source "ChessBase"]
[SourceDate "2006.04.01"]
[SourceVersion "3"]
[SourceVersionDate "2006.04.01"]
[SourceQuality "1"]

1. d4 Nf6 2. c4 g6 3. Nc3 Bg7 4. e4 d6 5. Nf3 0-0 6. Be2 e5 7. 0-0 Nc6 8. d5 Ne7 9. b4 Nh5 10. g3 f5 11. Ng5 h6 12. Bxh5 hxg5 13. Be2 f4 14. c5 a5 15. Qb3 axb4 16. cxd6 cxd6 17. Qxb4 Bh3 1/2-1/2